Antología de textos de teorías e instituciones contemporáneas de educación (Record no. 21104)

MARC details
000 -LEADER
campo de control de longitud fija 00773nmm a2200265 a 4500
003 - IDENTIFICADOR DE NÚMERO DE CONTROL
campo de control AR-BaBNM
005 - FECHA Y HORA DE LA ÚLTIMA TRANSACCIÓN
campo de control 20251128211802.0
008 - DATOS DE LONGITUD FIJA--INFORMACIÓN GENERAL
campo de control de longitud fija 136020s2005 ||||||||||||||000 | spa||
020 ## - NÚMERO INTERNACIONAL ESTÁNDAR DEL LIBRO
Número Internacional Estándar del Libro 84-8004-656-2
040 ## - FUENTE DE CATALOGACIÓN
Centro/agencia transcriptor AR-BaBNM
245 10 - MENCIÓN DEL TÍTULO
Título Antología de textos de teorías e instituciones contemporáneas de educación
260 ## - PUBLICACIÓN, DISTRIBUCIÓN, ETC.
Lugar de publicación, distribución, etc. Madrid
Nombre del editor, distribuidor, etc. Editorial Universitaria Ramón Areces
Fecha de publicación, distribución, etc. 2005
300 0# - DESCRIPCIÓN FÍSICA
Extensión 340 p.
650 #4 - PUNTO DE ACCESO ADICIONAL DE MATERIA--TÉRMINO DE MATERIA
Término de materia o nombre geográfico como elemento de entrada ANTOLOGIAS
650 #4 - PUNTO DE ACCESO ADICIONAL DE MATERIA--TÉRMINO DE MATERIA
Término de materia o nombre geográfico como elemento de entrada TEORIAS DE LA EDUCACION
653 #0 - TÉRMINO DE INDIZACIÓN--NO CONTROLADO
Término no controlado MODERNIDAD
653 #0 - TÉRMINO DE INDIZACIÓN--NO CONTROLADO
Término no controlado PEDAGOGOS
653 #0 - TÉRMINO DE INDIZACIÓN--NO CONTROLADO
Término no controlado POSMODERNIDAD
653 #0 - TÉRMINO DE INDIZACIÓN--NO CONTROLADO
Término no controlado SISTEMA EDUCATIVO
653 #0 - TÉRMINO DE INDIZACIÓN--NO CONTROLADO
Término no controlado PROBLEMAS EDUCATIVOS
700 1# - ENTRADA AGREGADA--NOMBRE PERSONAL
Nombre de persona Negrín Fajardo, Olegario
Término indicativo de función/relación compilador
700 1# - ENTRADA AGREGADA--NOMBRE PERSONAL
Nombre de persona Vergara Ciordia, Javier
Término indicativo de función/relación compilador
942 ## - ELEMENTOS DE ENTRADA SECUNDARIOS (KOHA)
Tipo de ítem Koha Libros
998 ## - INFORMACIÓN DE CONTROL LOCAL (RLIN)
Iniciales del catalogador, CIN (RLIN) me-solo cat
Holdings
Estatus retirado Estado de pérdida Fuente de la clasificación o esquema de estantería Estado de daño Restricciones de uso No para préstamo Biblioteca de origen Biblioteca actual Fecha de adquisición Fuente de adquisición Total de préstamos Signatura topográfica completa Código de barras Visto por última vez Precio de reemplazo Tipo de ítem Koha
    Clasificación Decimal Dewey   Acceso restringido No para préstamo Liberty Liberty 28/11/2025 C-BP-007   37.013 NEG 141994 28/11/2025 28/11/2025 Libros